|
|
|
|
| LEADER |
00731nnm a2200217 i 4500 |
| 001 |
eta1768 |
| 005 |
20190410093331.0 |
| 008 |
190205s2010 hu o 0|| hun d |
| 040 |
|
|
|a SZTE Elektronikus Tananyag Archívum
|b hun
|
| 041 |
|
|
|a hun
|
| 100 |
1 |
|
|a Benkő Zsolt István
|
| 245 |
1 |
0 |
|a Energetika - energiamenedzsment
|h [elektronikus dokumentum] /
|c Benkő Zsolt István
|
| 260 |
|
|
|c 2010
|
| 300 |
|
|
|a 188
|
| 516 |
|
|
|a Book
|
| 650 |
|
4 |
|a Műszaki és technológiai tudományok
|
| 650 |
|
4 |
|a Környezetmérnöki tudományok
|
| 650 |
|
4 |
|a Energia, üzemanyag és olajipari műszaki tudományok
|
| 695 |
|
|
|a energetika
|
| 700 |
0 |
1 |
|a Pitrik József
|e aut
|
| 856 |
4 |
0 |
|u https://eta.bibl.u-szeged.hu/1768/1/energetika.pdf
|z Dokumentum-elérés
|